00000000nas 2200000za 4500
0019.814407
003CaOODSP
00520221107141756
007cr |||||||||||
008160405d19641975oncar p oss  f000#b0fre|d
022 |y0575-917X
040 |aCaOODSP|bfre
041 |aeng|afre
043 |an-cn---
0861 |aCS85-209-PDF
24500|aMurder statistics |h[ressource électronique] / |cDominion Bureau of Statistics, Health and Welfare Division, Judicial Section = La statistique de l'homicide / Bureau fédéral de la statistique, Division de la santʹe et du bien-être, Section de la statistique judiciaire.
24611|aStatistique de l'homicide
260 |aOttawa : |bDominion Bureau of Statistics = Bureau fédéral de la statistique, |c1966-1976.
310 |aAnnuel
3620 |a1961/1964-1975.
500 |aÉdition numérisée de l’imprimé [par Statistique Canada].
546 |aTexte en anglais et en français.
550 |aPublié 1969-1970 par la Division de la statistique judiciaire;1971-1975, par Statistique Canada, Division de la statistique judiciaire.
69207|2gccst|aHomicide
7101 |aCanada.|bBureau fédéral de la statistique.|bDivision de la statistique judiciaire.
7101 |aCanada.|bBureau fédéral de la statistique.|bSection de la statistique judiciaire.
7102 |aStatistique Canada.|bDivision de la statistique judiciaire.
78500|tHomicide statistics |w(CaOODSP)9.814453
791 |tMurder statistics |eeng|w(CaOODSP)9.814400